<?xml version="1.0" encoding="UTF-8"?>
<record
    xmlns:xsi="http://www.w3.org/2001/XMLSchema-instance"
    xsi:schemaLocation="http://www.loc.gov/MARC21/slim http://www.loc.gov/standards/marcxml/schema/MARC21slim.xsd"
    xmlns="http://www.loc.gov/MARC21/slim">

  <leader>00896nam a22002177a 4500</leader>
  <controlfield tag="005">20180627124629.0</controlfield>
  <datafield tag="010" ind1=" " ind2=" ">
    <subfield code="a">1718EN-30   ENG-122697 B-689547-551</subfield>
  </datafield>
  <datafield tag="020" ind1=" " ind2=" ">
    <subfield code="a">9788170289609</subfield>
    <subfield code="c">275.00</subfield>
  </datafield>
  <datafield tag="035" ind1=" " ind2=" ">
    <subfield code="a">EN-106229</subfield>
  </datafield>
  <datafield tag="035" ind1=" " ind2=" ">
    <subfield code="a">B-689547-551</subfield>
  </datafield>
  <datafield tag="037" ind1=" " ind2=" ">
    <subfield code="b">Rajpal &amp; Sons </subfield>
    <subfield code="a">dpl</subfield>
  </datafield>
  <datafield tag="037" ind1=" " ind2=" ">
    <subfield code="b">DBAD/PUB.</subfield>
  </datafield>
  <datafield tag="082" ind1=" " ind2=" ">
    <subfield code="a">841</subfield>
  </datafield>
  <datafield tag="100" ind1=" " ind2=" ">
    <subfield code="a">Salil, Kuldip</subfield>
  </datafield>
  <datafield tag="245" ind1=" " ind2=" ">
    <subfield code="a">The best of Meer Taqi Meer:</subfield>
    <subfield code="c">by Kuldip Salil</subfield>
    <subfield code="b">slected ghazals, nazms and rubaiyat with their lyrical translation in english and in roman script also /</subfield>
  </datafield>
  <datafield tag="260" ind1=" " ind2=" ">
    <subfield code="a">Delhi</subfield>
    <subfield code="b">Rajpal &amp; Sons </subfield>
    <subfield code="c">2017</subfield>
  </datafield>
  <datafield tag="270" ind1=" " ind2=" ">
    <subfield code="a">1590, Madarsa Road, Kashmere Gate </subfield>
    <subfield code="b">Delhi</subfield>
    <subfield code="e">110006</subfield>
  </datafield>
  <datafield tag="300" ind1=" " ind2=" ">
    <subfield code="a">167p.</subfield>
    <subfield code="c">21cm(Hb)</subfield>
    <subfield code="b">ill.</subfield>
  </datafield>
  <datafield tag="942" ind1=" " ind2=" ">
    <subfield code="2">ddc</subfield>
    <subfield code="c">EN</subfield>
    <subfield code="m">SAL</subfield>
    <subfield code="h">841</subfield>
  </datafield>
  <datafield tag="999" ind1=" " ind2=" ">
    <subfield code="c">145169</subfield>
    <subfield code="d">145169</subfield>
  </datafield>
  <datafield tag="952" ind1=" " ind2=" ">
    <subfield code="0">0</subfield>
    <subfield code="1">0</subfield>
    <subfield code="4">0</subfield>
    <subfield code="7">1</subfield>
    <subfield code="8">NFIC</subfield>
    <subfield code="a">DBAD</subfield>
    <subfield code="b">BL4</subfield>
    <subfield code="d">2018-04-18</subfield>
    <subfield code="e">DBAD/PUB</subfield>
    <subfield code="g">275.00</subfield>
    <subfield code="l">0</subfield>
    <subfield code="o">841 SAL</subfield>
    <subfield code="p">EN-106229</subfield>
    <subfield code="r">2018-04-18 00:00:00</subfield>
    <subfield code="t">1</subfield>
    <subfield code="v">275.00</subfield>
    <subfield code="y">EN</subfield>
  </datafield>
  <datafield tag="952" ind1=" " ind2=" ">
    <subfield code="0">0</subfield>
    <subfield code="1">0</subfield>
    <subfield code="4">0</subfield>
    <subfield code="7">0</subfield>
    <subfield code="8">NFIC</subfield>
    <subfield code="a">L</subfield>
    <subfield code="b">L</subfield>
    <subfield code="d">2018-06-27</subfield>
    <subfield code="e">Rajpal &amp; Sons/2589/5.12.2017/676/20.11.2017/30.01.2018</subfield>
    <subfield code="g">275.00</subfield>
    <subfield code="l">12</subfield>
    <subfield code="m">6</subfield>
    <subfield code="o">841 SAL</subfield>
    <subfield code="p">B-689547</subfield>
    <subfield code="r">2024-03-30 00:00:00</subfield>
    <subfield code="s">2024-02-26</subfield>
    <subfield code="t">1</subfield>
    <subfield code="v">275.00</subfield>
    <subfield code="y">EN</subfield>
  </datafield>
  <datafield tag="952" ind1=" " ind2=" ">
    <subfield code="0">0</subfield>
    <subfield code="1">0</subfield>
    <subfield code="4">0</subfield>
    <subfield code="7">0</subfield>
    <subfield code="8">NFIC</subfield>
    <subfield code="a">AV</subfield>
    <subfield code="b">AV</subfield>
    <subfield code="d">2018-06-27</subfield>
    <subfield code="e">Rajpal &amp; Sons/2589/5.12.2017/676/20.11.2017/30.01.2018</subfield>
    <subfield code="g">275.00</subfield>
    <subfield code="l">2</subfield>
    <subfield code="m">1</subfield>
    <subfield code="o">841 SAL</subfield>
    <subfield code="p">B-689548</subfield>
    <subfield code="r">2019-02-09 00:00:00</subfield>
    <subfield code="s">2019-01-28</subfield>
    <subfield code="t">1</subfield>
    <subfield code="v">275.00</subfield>
    <subfield code="y">EN</subfield>
  </datafield>
  <datafield tag="952" ind1=" " ind2=" ">
    <subfield code="0">0</subfield>
    <subfield code="1">0</subfield>
    <subfield code="4">0</subfield>
    <subfield code="7">0</subfield>
    <subfield code="8">NFIC</subfield>
    <subfield code="a">BL1</subfield>
    <subfield code="b">BL1</subfield>
    <subfield code="d">2018-06-27</subfield>
    <subfield code="e">Rajpal &amp; Sons/2589/5.12.2017/676/20.11.2017/30.01.2018</subfield>
    <subfield code="g">275.00</subfield>
    <subfield code="l">5</subfield>
    <subfield code="m">1</subfield>
    <subfield code="o">841 SAL</subfield>
    <subfield code="p">B-689549</subfield>
    <subfield code="r">2025-02-20 00:00:00</subfield>
    <subfield code="s">2025-02-12</subfield>
    <subfield code="t">1</subfield>
    <subfield code="v">275.00</subfield>
    <subfield code="y">EN</subfield>
  </datafield>
  <datafield tag="952" ind1=" " ind2=" ">
    <subfield code="0">0</subfield>
    <subfield code="1">0</subfield>
    <subfield code="4">0</subfield>
    <subfield code="7">0</subfield>
    <subfield code="8">NFIC</subfield>
    <subfield code="a">NR</subfield>
    <subfield code="b">NR</subfield>
    <subfield code="d">2018-06-27</subfield>
    <subfield code="e">Rajpal &amp; Sons/2589/5.12.2017/676/20.11.2017/30.01.2018</subfield>
    <subfield code="g">275.00</subfield>
    <subfield code="l">0</subfield>
    <subfield code="o">841 SAL</subfield>
    <subfield code="p">B-689550</subfield>
    <subfield code="r">2018-06-27 00:00:00</subfield>
    <subfield code="t">1</subfield>
    <subfield code="v">275.00</subfield>
    <subfield code="y">EN</subfield>
  </datafield>
  <datafield tag="952" ind1=" " ind2=" ">
    <subfield code="0">0</subfield>
    <subfield code="1">0</subfield>
    <subfield code="4">0</subfield>
    <subfield code="7">0</subfield>
    <subfield code="8">NFIC</subfield>
    <subfield code="a">BN</subfield>
    <subfield code="b">BN</subfield>
    <subfield code="d">2018-06-27</subfield>
    <subfield code="e">Rajpal &amp; Sons/2589/5.12.2017/676/20.11.2017/30.01.2018</subfield>
    <subfield code="g">275.00</subfield>
    <subfield code="l">1</subfield>
    <subfield code="m">1</subfield>
    <subfield code="o">841 SAL</subfield>
    <subfield code="p">B-689551</subfield>
    <subfield code="r">2025-03-19 00:00:00</subfield>
    <subfield code="s">2025-02-21</subfield>
    <subfield code="t">1</subfield>
    <subfield code="v">275.00</subfield>
    <subfield code="y">EN</subfield>
  </datafield>
</record>
